[Event "Mittelfranken-chTB1 1819"]
[Site "Mittelfranken"]
[Date "2019.01.27"]
[Round "4.7"]
[White "Rauh, Karlheinz"]
[Black "Wirth, Karl Heinz"]
[Result "0-1"]
[WhiteElo "1653"]
[BlackElo "1875"]
[PlyCount "64"]
[EventDate "2018.10.14"]
[EventType "team-tourn"]
[EventRounds "9"]
[EventCountry "GER"]
[SourceTitle "EXT 2022"]
[Source "ChessBase"]
[SourceDate "2021.10.06"]
[SourceVersion "1"]
[SourceVersionDate "2021.10.06"]
[SourceQuality "1"]
[WhiteTeam "Bechhofen"]
[BlackTeam "Muehlhof/Schwabach"]
[WhiteTeamCountry "GER"]
[BlackTeamCountry "GER"]

1. d4 Nf6 2. g3 e6 3. Bg2 d5 4. Nf3 c5 5. 0-0 Nc6 6. c3 Bd7 7. b3 cxd4 8. cxd4 Rc8 9. a3 Qb6 10. Bb2 Be7 11. Nbd2 0-0 12. e3 Rc7 13. Ne5 Rfc8 14. Nxd7 Nxd7 15. Rc1 Qa6 16. Re1 b5 17. b4 Nb6 18. Qb3 Nc4 19. Qc3 Qb6 20. Nxc4 bxc4 21. e4 Nxb4 22. axb4 Bxb4 23. Qc2 Bxe1 24. Rxe1 c3 25. Ba1 Qxd4 26. Rd1 Qxd1+ 27. Qxd1 c2 28. Qc1 Rb7 29. Bb2 Rxb2 30. Qxb2 c1Q+ 31. Qxc1 Rxc1+ 32. Bf1 a5 0-1

[Event "Mittelfranken-chTB1 1819"]
[Site "Mittelfranken"]
[Date "2018.10.14"]
[Round "1.8"]
[White "Rauh, Karlheinz"]
[Black "Weber, Alexander"]
[Result "0-1"]
[WhiteElo "1653"]
[BlackElo "1858"]
[PlyCount "134"]
[EventDate "2018.10.14"]
[EventType "team-tourn"]
[EventRounds "9"]
[EventCountry "GER"]
[SourceTitle "EXT 2022"]
[Source "ChessBase"]
[SourceDate "2021.10.06"]
[SourceVersion "1"]
[SourceVersionDate "2021.10.06"]
[SourceQuality "1"]
[WhiteTeam "Bechhofen"]
[BlackTeam "Erlangen SC III"]
[WhiteTeamCountry "GER"]
[BlackTeamCountry "GER"]

1. d4 e6 2. e4 d5 3. exd5 exd5 4. Nc3 Nf6 5. Nf3 Bb4 6. Bd2 0-0 7. Be2 Bg4 8. 0-0 Nc6 9. a3 Ba5 10. Bg5 Bxc3 11. bxc3 h6 12. Bh4 g5 13. Bg3 Ne4 14. c4 Nc3 15. Qd3 Nxe2+ 16. Qxe2 Re8 17. Qd3 dxc4 18. Qxc4 Bxf3 19. gxf3 Qxd4 20. Qb3 Qb6 21. Qc3 Re7 22. Rfe1 Rae8 23. Rxe7 Rxe7 24. Re1 Qd4 25. Re3 Qxc3 26. Rxc3 f5 27. f4 Kf7 28. f3 Nd4 29. Kf2 Re2+ 30. Kf1 Rxc2 31. Rxc2 Nxc2 32. fxg5 hxg5 33. a4 Nd4 34. Bxc7 Nxf3 35. Kf2 Nd4 36. Ke3 Ne6 37. Bb8 a6 38. a5 Ke7 39. Kd3 Kd7 40. Kc4 Kc6 41. Be5 f4 42. Bc3 g4 43. Be5 f3 44. Kd3 Kd5 45. Bg3 Ng5 46. Bc7 Ne6 47. Bg3 Nc5+ 48. Ke3 Ne6 49. Kd3 Kc6 50. Bf2 Kb5 51. Bb6 Nc5+ 52. Ke3 Ne6 53. Kf2 Kc4 54. Kg3 Nd4 55. Kf2 Kd3 56. Bc7 Ne2 57. Bb6 Ke4 58. Bc7 Kf5 59. Bd6 Nf4 60. Bc7 Kg5 61. Bd8+ Kh5 62. Kg3 Nd5 63. Kf2 Kg6 64. Kg3 Kf5 65. Kf2 Kf4 66. Ke1 g3 67. hxg3+ Kxg3 0-1

[Event "Mittelfranken-chTB1 1718"]
[Site "Mittelfranken"]
[Date "2018.03.04"]
[Round "6.8"]
[White "Wirth, Karl Heinz"]
[Black "Rauh, Karlheinz"]
[Result "1/2-1/2"]
[WhiteElo "1857"]
[BlackElo "1625"]
[PlyCount "46"]
[EventDate "2017.10.08"]
[EventType "team-tourn"]
[EventRounds "9"]
[EventCountry "GER"]
[SourceTitle "EXT 2022"]
[Source "ChessBase"]
[SourceDate "2021.10.06"]
[SourceVersion "1"]
[SourceVersionDate "2021.10.06"]
[SourceQuality "1"]
[WhiteTeam "Muehlhof/Schwabach"]
[BlackTeam "Bechhofen"]
[WhiteTeamCountry "GER"]
[BlackTeamCountry "GER"]

1. e4 c5 2. b4 e5 3. Nf3 cxb4 4. a3 Nc6 5. Bb2 d6 6. Bc4 Bg4 7. h3 Bh5 8. 0-0 h6 9. c3 Nf6 10. axb4 Nxe4 11. d3 Nf6 12. g4 Bg6 13. Nh4 Bh7 14. Qf3 d5 15. Bb3 e4 16. dxe4 Bxe4 17. Qe2 Be7 18. Nd2 0-0 19. Nxe4 Nxe4 20. Nf5 Bf6 21. Rad1 Nxc3 22. Bxc3 Bxc3 23. Bxd5 Qb6 1/2-1/2

[Event "Mittelfranken-chTB1 1617"]
[Site "Mittelfranken"]
[Date "2017.02.12"]
[Round "6.8"]
[White "Rauh, Karlheinz"]
[Black "Wirth, Karl Heinz"]
[Result "0-1"]
[WhiteElo "1630"]
[BlackElo "1861"]
[PlyCount "80"]
[EventDate "2016.10.23"]
[EventType "team-tourn"]
[EventRounds "9"]
[EventCountry "GER"]
[SourceTitle "EXT 2022"]
[Source "ChessBase"]
[SourceDate "2021.10.06"]
[SourceVersion "1"]
[SourceVersionDate "2021.10.06"]
[SourceQuality "1"]
[WhiteTeam "Bechhofen"]
[BlackTeam "Muehlhof/Schwabach"]
[WhiteTeamCountry "GER"]
[BlackTeamCountry "GER"]

1. d4 Nf6 2. c4 e5 3. d5 Bc5 4. e3 d6 5. Nc3 Bf5 6. Be2 0-0 7. g4 Bd7 8. g5 Ne8 9. Ne4 f5 10. Nxc5 dxc5 11. h4 Nd6 12. f3 c6 13. b3 Qe7 14. Bb2 Na6 15. Qd2 Rad8 16. 0-0-0 b5 17. Qa5 Nb8 18. cxb5 cxb5 19. Qc3 Rfe8 20. Nh3 c4 21. Kb1 cxb3 22. Qxb3 a5 23. Rc1 Rc8 24. Nf2 Qf7 25. Rxc8 Rxc8 26. Bxe5 Nc4 27. Bxc4 bxc4 28. Qb7 Qf8 29. Kc2 Qa3 30. Qb2 Qxe3 31. Qd4 Qxf3 32. Bxg7 Na6 33. Rb1 Nb4+ 34. Rxb4 axb4 35. Kb1 f4 36. Qf6 Bf5+ 37. Qxf5 Re8 38. Be5 Qxf2 39. Qf6 Qe1+ 40. Kc2 Qxe5 0-1

[Event "Mittelfranken-chTB2a 1415"]
[Site "Mittelfranken"]
[Date "2015.02.08"]
[Round "6.8"]
[White "Grund, Christian"]
[Black "Rauh, Karlheinz"]
[Result "0-1"]
[WhiteElo "1577"]
[BlackElo "1651"]
[PlyCount "108"]
[EventDate "2014.09.28"]
[EventType "team-tourn"]
[EventRounds "9"]
[EventCountry "GER"]
[SourceTitle "EXT 2020"]
[Source "ChessBase"]
[SourceDate "2019.10.17"]
[SourceVersion "1"]
[SourceVersionDate "2019.10.17"]
[SourceQuality "1"]
[WhiteTeam "Cadolzburg"]
[BlackTeam "Bechhofen II"]
[WhiteTeamCountry "GER"]
[BlackTeamCountry "GER"]

1. b4 d5 2. Bb2 Bf5 3. e3 e6 4. c4 Nf6 5. b5 Be7 6. Nf3 Nbd7 7. Nh4 Bg6 8. Nxg6 fxg6 9. cxd5 exd5 10. Be2 0-0 11. 0-0 Nb6 12. Qb3 Kh8 13. a4 c5 14. bxc6 bxc6 15. d4 Rb8 16. Qc2 Qd7 17. a5 Nc8 18. Ba3 Bxa3 19. Nxa3 Ne7 20. a6 Rb6 21. Rab1 Rfb8 22. Rxb6 axb6 23. Ra1 Ra8 24. Nb1 Ne4 25. Bd3 Nf6 26. Nd2 Qc7 27. Nf3 c5 28. Bb5 c4 29. Ne5 Ne4 30. f3 Nd6 31. Qa4 h6 32. Nc6 Nxb5 33. Nxe7 Qxe7 34. Qxb5 Qxe3+ 35. Kh1 Qxd4 36. Re1 c3 37. Qc6 Rg8 38. a7 Qd2 39. Rg1 Qa2 40. Qxc3 Qxa7 41. Qd4 Qa5 42. Rb1 Qc5 43. Qd3 Rb8 44. Qxg6 d4 45. h3 b5 46. Re1 Rg8 47. Re8 Qc4 48. Rxg8+ Qxg8 49. Qc6 d3 50. Qxb5 Qd8 51. Qb3 d2 52. Qd1 Qd4 53. Kh2 Qe5+ 54. g3 Qe1 0-1

[Event "Mittelfranken-chTB2a 1415"]
[Site "Mittelfranken"]
[Date "2014.09.28"]
[Round "1.8"]
[White "Wallstabe, Antje"]
[Black "Rauh, Karlheinz"]
[Result "1/2-1/2"]
[WhiteElo "1719"]
[BlackElo "1651"]
[PlyCount "57"]
[EventDate "2014.09.28"]
[EventType "team-tourn"]
[EventRounds "9"]
[EventCountry "GER"]
[SourceTitle "EXT 2020"]
[Source "ChessBase"]
[SourceDate "2019.10.17"]
[SourceVersion "1"]
[SourceVersionDate "2019.10.17"]
[SourceQuality "1"]
[WhiteTeam "Bad Windsheim/Ansbach"]
[BlackTeam "Bechhofen II"]
[WhiteTeamCountry "GER"]
[BlackTeamCountry "GER"]

1. c4 e5 2. Nc3 Nc6 3. g3 Nf6 4. Bg2 Bc5 5. e3 a6 6. Nge2 h6 7. a3 Ba7 8. 0-0 d6 9. d4 0-0 10. Qd3 Rb8 11. Rd1 Bg4 12. d5 Ne7 13. b4 b6 14. Bb2 Qd7 15. Rac1 Rfd8 16. Rd2 Bf5 17. e4 Bh3 18. Bh1 b5 19. cxb5 Ng4 20. Nd1 f5 21. Rdc2 Rbc8 22. Nec3 fxe4 23. Nxe4 axb5 24. Bc3 Nf5 25. Bd2 Rf8 26. Be3 Nfxe3 27. Nxe3 Nxe3 28. fxe3 Bf5 29. Rc6 1/2-1/2

[Event "Mittelfranken-chTB2a 1112"]
[Site "Germany"]
[Date "2011.12.11"]
[Round "4.8"]
[White "Rauh, Karlheinz"]
[Black "Nachtrab, Robert"]
[Result "0-1"]
[WhiteElo "1637"]
[BlackElo "1666"]
[PlyCount "112"]
[EventDate "2011.09.25"]
[EventType "team-tourn"]
[EventRounds "9"]
[EventCountry "GER"]
[SourceTitle "EXT 2013"]
[Source "ChessBase"]
[SourceDate "2012.11.22"]
[SourceVersion "1"]
[SourceVersionDate "2012.11.22"]
[SourceQuality "1"]
[WhiteTeam "Bechhofen II"]
[BlackTeam "Buechenbach/Roth III"]
[WhiteTeamCountry "GER"]
[BlackTeamCountry "GER"]

1. e4 e6 2. d4 d5 3. e5 c5 4. Nf3 Nc6 5. c3 cxd4 6. cxd4 Bb4+ 7. Bd2 Qb6 8. Bxb4 Qxb4+ 9. Qd2 Nge7 10. Nc3 Nf5 11. a3 Qb6 12. Na4 Qd8 13. Be2 0-0 14. b4 b6 15. 0-0 Bd7 16. Nb2 f6 17. b5 Na5 18. Qd3 Rc8 19. Rac1 Qe7 20. Nd2 fxe5 21. dxe5 Qh4 22. Nf3 Qh6 23. Qd2 Qxd2 24. Nxd2 Nd4 25. Bg4 Nxb5 26. Nb1 Nb3 27. Rxc8 Rxc8 28. Nd3 N5d4 29. Nf4 Kf7 30. Nxd5 Rc5 31. Ne3 Rxe5 32. Rd1 Rc5 33. Kf1 Bb5+ 34. Kg1 Rc1 35. Rxc1 Nxc1 36. Bd1 Nce2+ 37. Kh1 Bd3 38. Nd2 Nc3 39. Bg4 Ncb5 40. Ndc4 Bxc4 41. Nxc4 Ke7 42. Kg1 Nd6 43. Ne3 b5 44. Kf1 a5 45. Ke1 N6f5 46. Nxf5+ exf5 47. Bd1 Kd6 48. Kd2 Kc5 49. Kc3 b4+ 50. axb4+ axb4+ 51. Kb2 g5 52. Bh5 Kc4 53. Kc1 Kc3 54. Bf7 b3 55. Bg8 b2+ 56. Kb1 Nb5 0-1

[Event "Mittelfranken-chTB2b 0809"]
[Site "Mittelfranken"]
[Date "2009.03.22"]
[Round "8.5"]
[White "Rauh, Karlheinz"]
[Black "Vogt, Peter"]
[Result "0-1"]
[WhiteElo "1660"]
[BlackElo "1939"]
[PlyCount "98"]
[EventDate "2008.10.12"]
[EventType "team"]
[EventRounds "9"]
[EventCountry "GER"]
[SourceTitle "EXT 2011"]
[Source "ChessBase"]
[SourceDate "2010.11.26"]
[SourceVersion "1"]
[SourceVersionDate "2010.11.26"]
[SourceQuality "1"]
[WhiteTeam "Bechhofen II"]
[BlackTeam "Schwanstetten"]
[WhiteTeamCountry "GER"]
[BlackTeamCountry "GER"]

1. e4 c5 2. Nf3 d6 3. Nc3 Nf6 4. h3 a6 5. a4 Nbd7 6. d3 g6 7. Be2 Bg7 8. Bd2 0-0 9. Qc1 b6 10. 0-0 Bb7 11. Rb1 Rc8 12. b3 Qc7 13. Nd1 e5 14. c4 b5 15. Ne3 b4 16. Nh2 Ne8 17. g4 f6 18. Nf3 Rf7 19. Nh4 Nf8 20. Nd5 Qd8 21. Bh6 Ne6 22. Be3 Bh8 23. Kh2 N8g7 24. Nf3 Nd4 25. Nxd4 cxd4 26. Bd2 a5 27. f3 Ne6 28. Rg1 Bg7 29. Rg3 Bxd5 30. exd5 Nc7 31. Qf1 Na6 32. Bd1 Nc5 33. Bc2 Qe7 34. Re1 Qf8 35. Qg1 f5 36. Kh1 Re8 37. gxf5 Rxf5 38. Bc1 Re7 39. Qg2 Ref7 40. Rf1 Bf6 41. Rxg6+ hxg6 42. Qxg6+ Bg7 43. Bd1 Nxd3 44. Bc2 e4 45. Bxd3 exd3 46. f4 Qe7 47. Qg2 Qe2 48. Rf2 Qd1+ 49. Rf1 Qxb3 0-1

[Event "Mittelfranken-chTB2b 0809"]
[Site "Mittelfranken"]
[Date "2009.03.08"]
[Round "7.5"]
[White "Schanz, Karlheinz"]
[Black "Rauh, Karlheinz"]
[Result "1/2-1/2"]
[WhiteElo "1831"]
[BlackElo "1660"]
[PlyCount "93"]
[EventDate "2008.10.12"]
[EventType "team"]
[EventRounds "9"]
[EventCountry "GER"]
[SourceTitle "EXT 2011"]
[Source "ChessBase"]
[SourceDate "2010.11.26"]
[SourceVersion "1"]
[SourceVersionDate "2010.11.26"]
[SourceQuality "1"]
[WhiteTeam "Muehlhof/Schwabach"]
[BlackTeam "Bechhofen II"]
[WhiteTeamCountry "GER"]
[BlackTeamCountry "GER"]

1. e4 c5 2. Nf3 Nc6 3. d4 cxd4 4. Nxd4 e5 5. Nxc6 bxc6 6. Bd3 Nf6 7. 0-0 Be7 8. Nc3 0-0 9. Qe2 Qc7 10. Bg5 d6 11. h3 Be6 12. Kh2 h6 13. Bh4 Nh7 14. Bg3 f5 15. f4 fxe4 16. Bxe4 Nf6 17. Bg6 Nd7 18. Rae1 Bf6 19. Ne4 exf4 20. Rxf4 Be5 21. Rxf8+ Rxf8 22. Qe3 Bd5 23. Nc3 Be6 24. Kh1 Bf5 25. Bxf5 Rxf5 26. Ne4 Bxg3 27. Nxg3 Re5 28. Qb3+ d5 29. Rf1 Rg5 30. Ne4 Rg6 31. Nd2 Nc5 32. Qe3 Ne6 33. Nb3 Qg3 34. Qd2 Ng5 35. Nc5 Qd6 36. Qe3 Ne6 37. Nd3 Qg3 38. Qe2 Nd4 39. Qf2 Qxf2 40. Rxf2 Re6 41. c3 Nb5 42. Kg1 Nd6 43. Nf4 Re4 44. Nd3 Ne8 45. Kf1 Nf6 46. Re2 Rxe2 47. Kxe2 1/2-1/2

[Event "Mittelfranken-chTB2b 0809"]
[Site "Mittelfranken"]
[Date "2008.12.07"]
[Round "3.5"]
[White "Ziegler, Peter"]
[Black "Rauh, Karlheinz"]
[Result "1-0"]
[WhiteElo "1849"]
[BlackElo "1660"]
[PlyCount "120"]
[EventDate "2008.10.12"]
[EventType "team"]
[EventRounds "9"]
[EventCountry "GER"]
[SourceTitle "EXT 2011"]
[Source "ChessBase"]
[SourceDate "2010.11.26"]
[SourceVersion "1"]
[SourceVersionDate "2010.11.26"]
[SourceQuality "1"]
[WhiteTeam "Nuernberg Zabo"]
[BlackTeam "Bechhofen II"]
[WhiteTeamCountry "GER"]
[BlackTeamCountry "GER"]

1. e4 c5 2. d4 cxd4 3. c3 d6 4. cxd4 g6 5. Nf3 Bg7 6. Bc4 e6 7. 0-0 Qc7 8. Bb3 Ne7 9. Nc3 Bd7 10. Bg5 f6 11. Be3 0-0 12. Rc1 Qd8 13. Bf4 Nc8 14. Qd2 Kh8 15. h3 Na6 16. Rfe1 Nc7 17. Rc2 Ne8 18. Rec1 Nb6 19. Qe2 a6 20. Qd2 Rc8 21. Ne2 Rxc2 22. Rxc2 d5 23. Nc3 Bc6 24. e5 f5 25. Ne2 Qd7 26. h4 h5 27. Bg5 Nc7 28. Nf4 Kh7 29. a3 Nc8 30. Qc1 Ne7 31. Ba2 Nc8 32. b4 Na7 33. Bb3 Rc8 34. Bf6 Bh6 35. Bg5 Bf8 36. Qd2 Nab5 37. a4 Na3 38. Rc1 b5 39. axb5 Bxb5 40. Qc3 Nc4 41. Bf6 Bh6 42. Ng5+ Bxg5 43. Bxg5 Na8 44. Bxc4 Rxc4 45. Qd2 Qc8 46. Rxc4 dxc4 47. Qc3 Nb6 48. Bf6 Na4 49. Qg3 Qe8 50. Qg5 c3 51. Nxh5 c2 52. Ng7 Qf7 53. Kh2 Qc7 54. Qc1 Nb2 55. Nxe6 Nd3 56. Nf8+ Kg8 57. Qh6 c1Q 58. Qh8+ Kf7 59. g3 Q1c2 60. e6+ Ke8 1-0

[Event "Mittelfranken-chT 0405"]
[Site "Germany"]
[Date "2005.03.13"]
[Round "7.6"]
[White "Billmann, Andreas"]
[Black "Rauh, Karlheinz"]
[Result "1-0"]
[WhiteElo "1856"]
[BlackElo "1731"]
[PlyCount "107"]
[EventDate "2004.10.17"]
[EventType "team-tourn"]
[EventRounds "9"]
[EventCountry "GER"]
[SourceTitle "EXT 2007"]
[Source "ChessBase"]
[SourceDate "2006.11.23"]
[SourceVersion "1"]
[SourceVersionDate "2006.11.23"]
[SourceQuality "1"]

1. d4 g6 2. c4 Bg7 3. e4 d6 4. Nc3 c6 5. Be3 e6 6. f4 Ne7 7. Nf3 Nd7 8. Be2 a6 9. a4 0-0 10. 0-0 Qc7 11. Qd2 b6 12. Rfc1 Bb7 13. Bd3 Rfd8 14. Qf2 c5 15. d5 exd5 16. Nxd5 Nxd5 17. exd5 Re8 18. Re1 Re7 19. Qc2 Rae8 20. Bd2 Rxe1+ 21. Rxe1 Rxe1+ 22. Bxe1 Nf8 23. Qe2 Bc8 24. h3 a5 25. Bh4 f6 26. g4 Kf7 27. Kf2 h6 28. Qc2 Qd8 29. b3 Qe7 30. Qd2 Nh7 31. Qc2 Nf8 32. Bg3 g5 33. Bf5 Bd7 34. h4 Ke8 35. Nd2 Kd8 36. Bxd7 Nxd7 37. Qf5 gxf4 38. Bxf4 Ne5 39. Kg3 Qd7 40. Bxe5 Qxf5 41. gxf5 dxe5 42. Kg4 Ke7 43. Ne4 Bf8 44. Kh5 Kf7 45. d6 Bg7 46. d7 Ke7 47. Kg6 Bf8 48. Nxf6 Kd8 49. Ne4 Kxd7 50. Kf7 Be7 51. f6 Bd8 52. h5 Bc7 53. Kg7 Bd8 54. Kxh6 1-0

[Event "Mittelfranken-chT 0405"]
[Site "Germany"]
[Date "2004.12.19"]
[Round "4.7"]
[White "Rauh, Karlheinz"]
[Black "Zippel, Harald"]
[Result "0-1"]
[WhiteElo "1731"]
[BlackElo "1744"]
[PlyCount "92"]
[EventDate "2004.10.17"]
[EventType "team-tourn"]
[EventRounds "9"]
[EventCountry "GER"]
[SourceTitle "EXT 2007"]
[Source "ChessBase"]
[SourceDate "2006.11.23"]
[SourceVersion "1"]
[SourceVersionDate "2006.11.23"]
[SourceQuality "1"]

1. e4 c5 2. Nf3 d6 3. Bc4 Nf6 4. d3 Bg4 5. Bg5 e6 6. Nbd2 Be7 7. c3 0-0 8. Qb3 Qc7 9. Qc2 Nc6 10. a3 a6 11. Rc1 h6 12. Bh4 Rfe8 13. 0-0 Nh5 14. Bxe7 Qxe7 15. h3 Bxf3 16. Nxf3 b5 17. Ba2 Rad8 18. Qd2 Qf6 19. Rfe1 Nf4 20. Kh2 Ne5 21. Nxe5 dxe5 22. Re3 c4 23. Bb1 Rd7 24. g3 Nxd3 25. Bxd3 Red8 26. Qe2 Rxd3 27. Rxd3 Rxd3 28. Kg2 Qd8 29. Rc2 Qd6 30. Kf1 Rd1+ 31. Kg2 Qd3 32. Kh2 f5 33. f3 Kf7 34. Kg2 Kf6 35. Kf2 g5 36. Kg2 h5 37. g4 hxg4 38. hxg4 Kg6 39. Kf2 Qd7 40. Kg2 fxg4 41. fxg4 Rd3 42. Kf1 Qf7+ 43. Kg1 Qf4 44. Qe1 Re3 45. Re2 Qxg4+ 46. Kf1 Rg3 0-1